| 000 | 00398nam a2200157Ia 4500 | ||
|---|---|---|---|
| 008 | 160316s1998 xxu||||| |||| 00| 0 eng d | ||
| 082 |
_a1.642400 _bREI |
||
| 100 | _aReilly Brain | ||
| 245 | _aCreat power point presentations in a weekend | ||
| 250 | _a | ||
| 260 |
_aNew Delhi _bGalgotia Publications _c1998 |
||
| 300 |
_a324p _b _c |
||
| 365 | _bRs.195/- | ||
| 650 | _a1.Computer | ||
| 700 |
_a _a |
||
| 999 |
_c12627 _d12627 |
||